[Event "Elit(Kamraterna-Schack08)"]
[Site "?"]
[Date "2003.??.??"]
[Round "5"]
[White "Svenn, Matti"]
[Black "Schutz, Ingemar"]
[Result "1/2-1/2"]
[WhiteElo "2245"]
[BlackElo "2281"]
[PlyCount "94"]
[EventDate "2003.??.??"]

1. Nf3 Nf6 2. b3 d6 3. d4 g6 4. Bb2 Bg7 5. g3 O-O 6. Bg2 Nbd7 7. O-O e5 8. dxe5
Ng4 9. c4 Re8 10. Nc3 dxe5 11. h3 Ngf6 12. e4 Bf8 13. Qe2 c6 14. Rfd1 Qc7 15.
Rac1 a5 16. Na4 Nc5 17. Nxc5 Bxc5 18. Ne1 Nh5 19. Kh2 f6 20. Nd3 Bf8 21. c5 Be6
22. Bc3 Bf7 23. Qf3 Bh6 24. Bd2 Bxd2 25. Rxd2 Rad8 26. Rcd1 Qe7 27. Qe3 g5 28.
Nb2 Ng7 29. Qc3 Ne6 30. Na4 Rxd2 31. Rxd2 Ra8 32. Rd6 b5 33. Nb6 b4 34. Qc1 Rd8
35. Rxc6 Qb7 36. Nd5 Kg7 37. Rb6 Qa7 38. Qc4 Rc8 39. Qa6 Qxa6 40. Rxa6 Rxc5 41.
Ne3 Nd4 42. Bf1 Bg6 43. Ra7+ Kf8 44. Ra8+ Kg7 45. Ra7+ Kf8 46. Ra8+ Kg7 47.
Ra7+ Kf8 1/2-1/2

[Event "Elit(Kamraterna-Schack08)"]
[Site "?"]
[Date "2003.??.??"]
[Round "5"]
[White "Thoren, Per"]
[Black "Wengholm, Anders"]
[Result "0-1"]
[WhiteElo "2282"]
[BlackElo "2240"]
[PlyCount "58"]
[EventDate "2003.??.??"]

1. e4 d6 2. d4 Nf6 3. Nc3 g6 4. f4 Bg7 5. Nf3 c5 6. dxc5 Qa5 7. Qd3 Qxc5 8. Be3
Qc7 9. Be2 O-O 10. O-O a6 11. a4 Nbd7 12. Kh1 Nc5 13. Qc4 Nfxe4 14. Nd5 Qd8 15.
b4 e6 16. bxc5 exd5 17. Qxd5 Bxa1 18. Rxa1 Nxc5 19. Rd1 Be6 20. Qd4 Bf5 21. Bc1
Ne6 22. Qb2 Rc8 23. c4 Nc5 24. Nd4 Be4 25. Nb3 Nxa4 26. Qd4 Bc6 27. f5 Qb6 28.
Qd3 Qf2 29. Nd4 Nc5 0-1

[Event "Elit(Kamraterna-Schack08)"]
[Site "?"]
[Date "2003.??.??"]
[Round "5"]
[White "Borvander, Tom"]
[Black "Ottenklev, Niclas"]
[Result "1-0"]
[WhiteElo "2250"]
[BlackElo "2230"]
[PlyCount "65"]
[EventDate "2003.??.??"]

1. d4 f5 2. g3 g6 3. Nf3 Nf6 4. Bg2 Bg7 5. c4 d6 6. O-O O-O 7. Nc3 Qe8 8. d5 a5
9. Nd4 Na6 10. b3 Bd7 11. Bb2 Nc5 12. a3 c6 13. b4 Nce4 14. Qd3 c5 15. bxc5
Nxc5 16. Qc2 Rc8 17. e3 Ng4 18. Rfd1 Na4 19. Nxa4 Bxa4 20. Qe2 Bxd1 21. Rxd1
Bf6 22. Ne6 Rf7 23. Rb1 Qd7 24. Bf1 Rb8 25. Qc2 Bxb2 26. Qxb2 Rf6 27. Qb6 Rxe6
28. dxe6 Qxe6 29. c5 Ne5 30. Be2 Rc8 31. cxd6 Qxd6 32. Qxb7 Rc2 33. Qb3+ 1-0

[Event "Elit(Manhem-LASK)"]
[Site "?"]
[Date "2003.??.??"]
[Round "5"]
[White "Johannessen, Leif E"]
[Black "Olausson, Claes-Goran"]
[Result "1/2-1/2"]
[WhiteElo "2517"]
[BlackElo "2375"]
[PlyCount "43"]
[EventDate "2003.??.??"]

1. Nf3 Nf6 2. c4 e6 3. Nc3 d5 4. d4 Be7 5. Bg5 h6 6. Bh4 Ne4 7. Bxe7 Qxe7 8. e3
Nxc3 9. bxc3 O-O 10. Bd3 dxc4 11. Bxc4 c5 12. O-O Nc6 13. Bb5 Bd7 14. Rb1 Rfd8
15. Nd2 cxd4 16. cxd4 Rac8 17. Qe2 Rc7 18. Ne4 Be8 19. Rfd1 Nb4 20. Bxe8 Rxe8
21. Qd2 Nd5 22. Rdc1 1/2-1/2

[Event "Elit(Manhem-LASK)"]
[Site "?"]
[Date "2003.??.??"]
[Round "5"]
[White "Nicklasson, Christer"]
[Black "Kinnmark, Ove"]
[Result "1/2-1/2"]
[WhiteElo "2414"]
[BlackElo "2328"]
[PlyCount "95"]
[EventDate "2003.??.??"]

1. d4 Nf6 2. c4 e6 3. Nf3 Bb4+ 4. Nbd2 O-O 5. a3 Bxd2+ 6. Bxd2 d6 7. Bg5 Nbd7
8. e3 Qe7 9. Be2 Re8 10. O-O e5 11. d5 Nf8 12. Nd2 h6 13. Bh4 Ng6 14. Bg3 a5
15. b3 Nh7 16. e4 Nf4 17. Re1 Qf6 18. Bg4 g6 19. Bxc8 Raxc8 20. c5 Ra8 21. Nc4
dxc5 22. Bxf4 Qxf4 23. a4 Nf8 24. g3 Qf6 25. Qd2 h5 26. Nxa5 h4 27. Re3 Nh7 28.
Nc4 b5 29. Nb2 c6 30. dxc6 Qxc6 31. Rd1 bxa4 32. Nxa4 hxg3 33. hxg3 Ng5 34. Qc2
Ne6 35. Rd5 c4 36. Nb2 Nd4 37. Qxc4 Ra1+ 38. Kg2 Qf6 39. Rc3 Rb1 40. Na4 Qh8
41. Rc1 Rxc1 42. Qxc1 Qh5 43. Qe3 Kg7 44. Rxd4 exd4 45. Qxd4+ Qe5 46. Qxe5+
Rxe5 47. Nc3 f5 48. Kf3 1/2-1/2

[Event "Elit(Manhem-LASK)"]
[Site "?"]
[Date "2003.??.??"]
[Round "5"]
[White "Landgren, Philip"]
[Black "Olsson, Linus"]
[Result "1/2-1/2"]
[WhiteElo "2304"]
[BlackElo "2344"]
[PlyCount "86"]
[EventDate "2003.??.??"]

1. d4 Nf6 2. c4 e6 3. Nf3 c5 4. d5 d6 5. Nc3 exd5 6. cxd5 g6 7. h3 Bg7 8. e4
O-O 9. Bd3 Nh5 10. O-O Nd7 11. Bg5 Bf6 12. Be3 Re8 13. Qd2 a6 14. a4 Rb8 15. g4
Ng7 16. Bf4 Qe7 17. Kg2 Ne5 18. Nxe5 Bxe5 19. Bxe5 Qxe5 20. f4 Qd4 21. Ne2 Qf6
22. Qc3 Qxc3 23. Nxc3 f6 24. Rab1 Bd7 25. b4 c4 26. Bc2 b5 27. axb5 axb5 28.
Rbe1 Rf8 29. e5 fxe5 30. fxe5 Rxf1 31. Kxf1 dxe5 32. Ne4 Rf8+ 33. Kg2 Bc8 34.
Nc5 h5 35. Rxe5 hxg4 36. hxg4 Rf4 37. Re4 Rxg4+ 38. Rxg4 Bxg4 39. Bxg6 Nf5 40.
Bxf5 Bxf5 41. Kf3 c3 42. Ke3 c2 43. Nb3 Kf7 1/2-1/2

[Event "Elit(Manhem-LASK)"]
[Site "?"]
[Date "2003.??.??"]
[Round "5"]
[White "Semcesen, Daniel"]
[Black "Moberg, Karl-Johan"]
[Result "0-1"]
[WhiteElo "2299"]
[BlackElo "2331"]
[PlyCount "84"]
[EventDate "2003.??.??"]

1. Nf3 Nf6 2. g3 g6 3. Bg2 Bg7 4. O-O O-O 5. d4 d5 6. c4 dxc4 7. Nc3 Nfd7 8.
Bf4 Nb6 9. a4 a5 10. Rc1 c6 11. Qd2 Na6 12. Rfd1 Nb4 13. h3 N4d5 14. Ra1 Nxf4
15. Qxf4 Qd6 16. Ne4 Qb4 17. Nc5 Nd5 18. Qd2 b6 19. Ne4 Rd8 20. Nc3 Bb7 21. e4
Nc7 22. Qc2 Ne6 23. Ne2 c5 24. d5 Qxb2 25. Rac1 Qxc2 26. Rxc2 Ba6 27. Bf1 Rac8
28. Rcc1 Nc7 29. Nc3 f5 30. e5 h6 31. Bg2 Bb7 32. Nh4 Bxe5 33. Nxg6 Bf6 34. Nf4
Rd6 35. Nb5 Nxb5 36. axb5 c3 37. Ne6 Kf7 38. Kf1 Ra8 39. Ke2 a4 40. Rc2 a3 41.
Ra2 c2 42. Rc1 Rxd5 0-1

[Event "Elit(Manhem-LASK)"]
[Site "?"]
[Date "2003.??.??"]
[Round "5"]
[White "Nygren, Kim"]
[Black "Ikonic, Borislav"]
[Result "0-1"]
[WhiteElo "2303"]
[BlackElo "2280"]
[PlyCount "64"]
[EventDate "2003.??.??"]

1. d4 Nf6 2. Nf3 e6 3. c4 d5 4. Nc3 c5 5. cxd5 Nxd5 6. e3 Nc6 7. Be2 Be7 8. O-O
O-O 9. a3 Nxc3 10. bxc3 Qc7 11. e4 e5 12. d5 Na5 13. Be3 c4 14. Nd2 Bd6 15. Kh1
b5 16. g3 Bh3 17. Re1 Bd7 18. Bg4 Kh8 19. f4 f5 20. exf5 exf4 21. Bd4 Bxf5 22.
Bxf5 Rxf5 23. Qg4 Rf7 24. Re6 Nb3 25. Nxb3 cxb3 26. Rae1 b2 27. Qe2 fxg3 28.
hxg3 Bxa3 29. Be5 Qb7 30. Qe4 Rd8 31. Rd1 b1=Q 32. Rxb1 Rxd5 0-1

[Event "Elit(Manhem-LASK)"]
[Site "?"]
[Date "2003.??.??"]
[Round "5"]
[White "Johnson, Bjorn"]
[Black "Akesson, Joel"]
[Result "0-1"]
[WhiteElo "2259"]
[BlackElo "2325"]
[PlyCount "74"]
[EventDate "2003.??.??"]

1. b3 e5 2. Bb2 d6 3. e3 g6 4. d4 Nd7 5. Nf3 Bg7 6. Nc3 exd4 7. Nxd4 Ngf6 8.
Be2 O-O 9. Qd2 Re8 10. O-O-O Nc5 11. Bf3 Bd7 12. Kb1 Rb8 13. Qe2 c6 14. g4 Qc8
15. Rdg1 b5 16. Nd1 a5 17. h4 Nce4 18. g5 Nd5 19. h5 c5 20. Bxe4 Rxe4 21. Qf3
cxd4 22. hxg6 hxg6 23. Qxe4 Bf5 24. f3 Bxe4 25. fxe4 Nc3+ 26. Bxc3 dxc3 27. Rh4
a4 28. Rg2 axb3 29. cxb3 b4 30. Rc2 Rb5 31. Nf2 Rxg5 32. Nd3 Rg1+ 33. Nc1 Qa6
34. e5 Rxc1+ 35. Rxc1 Qd3+ 36. Rc2 Qd1+ 37. Rc1 c2+ 0-1

[Event "Elit(Manhem-LASK)"]
[Site "?"]
[Date "2003.??.??"]
[Round "5"]
[White "Hultin, Johan"]
[Black "Olsson, Tomas"]
[Result "1/2-1/2"]
[WhiteElo "2341"]
[BlackElo "2231"]
[PlyCount "105"]
[EventDate "2003.??.??"]

1. d4 Nf6 2. c4 e6 3. Nc3 d5 4. cxd5 exd5 5. Bg5 Be7 6. e3 h6 7. Bxf6 Bxf6 8.
Bd3 c6 9. h3 Be7 10. Qf3 Qd6 11. Nge2 Nd7 12. g4 Nf6 13. Ng3 Bd7 14. O-O-O
O-O-O 15. Kb1 Rhe8 16. Qg2 Bf8 17. Rhe1 Qc7 18. Rc1 Kb8 19. f3 Qa5 20. h4 Bc8
21. g5 hxg5 22. hxg5 Nd7 23. g6 fxg6 24. Bxg6 Re6 25. Bf5 Rh6 26. Rh1 g6 27.
Bc2 Ka8 28. Rxh6 Bxh6 29. f4 Nb6 30. Nf1 Nc4 31. Qxg6 Bf8 32. Nd1 Bb4 33. Bd3
Bh3 34. Bxc4 dxc4 35. Ng3 Be1 36. Nc3 Bd2 37. Rh1 Bxc3 38. Rxh3 Bxd4 39. Rh1
Bxe3 40. Qe4 Qc5 41. Nf5 Bd2 42. Ng7 c3 43. Ne6 Qb6 44. b3 Rg8 45. Qh7 Rg1+ 46.
Kc2 a6 47. Qc7 Qf2 48. Rh8+ Ka7 49. Qb8+ Kb6 50. Qc7+ Ka7 51. Qb8+ Kb6 52. Qc7+
Ka7 53. Qb8+ 1/2-1/2

[Event "Elit(Limhamn-Skara)"]
[Site "?"]
[Date "2003.??.??"]
[Round "5"]
[White "Winsnes, Rikard"]
[Black "Brynell, Stellan"]
[Result "0-1"]
[WhiteElo "2486"]
[BlackElo "2567"]
[PlyCount "90"]
[EventDate "2003.??.??"]

1. e4 e6 2. d4 d5 3. Nd2 c5 4. exd5 exd5 5. Ngf3 a6 6. Be2 Nf6 7. O-O Bd6 8. c4
O-O 9. dxc5 Bxc5 10. Nb3 Be7 11. c5 Nc6 12. Bg5 h6 13. Bh4 g5 14. Bg3 Ne4 15.
Nfd4 Nxd4 16. Qxd4 Re8 17. Be5 Nxc5 18. Nxc5 Bxc5 19. Qxc5 Rxe5 20. Bd3 Bf5 21.
Bxf5 Rxf5 22. Rac1 Qf6 23. b3 Re8 24. Rc2 Rfe5 25. Rd2 Qe6 26. g3 Re1 27. Rd1
Rxf1+ 28. Rxf1 Qc6 29. Qd4 Re4 30. Qd3 Qe6 31. Kg2 Re2 32. a4 Qe4+ 33. Qxe4
dxe4 34. Kg1 Kg7 35. Rc1 e3 36. Rc7 Rxf2 37. Rxb7 Kf6 38. Rb6+ Ke5 39. Rxa6 f5
40. Ra8 Ke4 41. Rc8 f4 42. gxf4 gxf4 43. Rc1 f3 44. a5 Rg2+ 45. Kh1 Rg6 0-1

[Event "Elit(Limhamn-Skara)"]
[Site "?"]
[Date "2003.??.??"]
[Round "5"]
[White "Gausel, Einar"]
[Black "Ahlander, Bjorn"]
[Result "1-0"]
[WhiteElo "2575"]
[BlackElo "2488"]
[PlyCount "119"]
[EventDate "2003.??.??"]

1. d4 Nf6 2. Nf3 e6 3. e3 Be7 4. Bd3 c5 5. O-O O-O 6. c3 b6 7. Qe2 Bb7 8. e4
Nc6 9. e5 Nd5 10. dxc5 bxc5 11. Na3 f5 12. exf6 Rxf6 13. Ng5 h6 14. Nh3 Qc7 15.
Nc4 Raf8 16. Bd2 Nb6 17. Rae1 Nxc4 18. Bxc4 d5 19. Bd3 Bd6 20. Kh1 Bxh2 21. Qh5
Ne5 22. Bb1 Ba6 23. f4 Bg3 24. Rxe5 Bxf1 25. Qg4 Bxf4 26. Bxf4 Rxf4 27. Qxe6+
R4f7 28. Bg6 Kh8 29. Qxf7 Qxf7 30. Bxf7 Rxf7 31. Rxd5 Rc7 32. Nf4 Bc4 33. Rd8+
Kh7 34. b3 Rf7 35. Nd5 Bd3 36. Nf6+ Rxf6 37. Rxd3 Rf2 38. Rd5 c4 39. Rc5 cxb3
40. axb3 Kg6 41. b4 Rc2 42. b5 Kf6 43. c4 Ke6 44. Rc7 g5 45. c5 Kd5 46. c6 Rb2
47. Rb7 Kd6 48. g4 Rb4 49. Kh2 Rxg4 50. Rd7+ Ke6 51. Rxa7 Rb4 52. Rb7 Rb2+ 53.
Kg1 Rb1+ 54. Kf2 Rb2+ 55. Ke3 g4 56. c7 Rc2 57. b6 g3 58. Rb8 g2 59. Rg8 Kf7
60. Rxg2 1-0

[Event "Elit(Limhamn-Skara)"]
[Site "?"]
[Date "2003.??.??"]
[Round "5"]
[White "Aagaard, Jacob"]
[Black "Ziegler, Ari"]
[Result "1-0"]
[WhiteElo "2453"]
[BlackElo "2413"]
[PlyCount "53"]
[EventDate "2003.??.??"]

1. e4 e6 2. Qe2 c5 3. Nf3 Nc6 4. g3 g6 5. h4 h6 6. Nc3 d6 7. b3 Bg7 8. Bb2 a6
9. Nd1 Bxb2 10. Nxb2 Nb4 11. d4 cxd4 12. Nxd4 e5 13. Qd2 Qb6 14. c3 exd4 15.
cxb4 a5 16. Nc4 Qxb4 17. Qxb4 axb4 18. Nb6 Rb8 19. O-O-O Nf6 20. Rxd4 Ke7 21.
Bg2 Be6 22. Rxb4 Ng4 23. Kd2 Nxf2 24. Rc1 f5 25. exf5 gxf5 26. Re1 Kf6 27. Rf1
1-0

[Event "Elit(Limhamn-Skara)"]
[Site "?"]
[Date "2003.??.??"]
[Round "5"]
[White "Mohammadi, Amir"]
[Black "Eriksson, Magnus"]
[Result "0-1"]
[WhiteElo "2265"]
[BlackElo "2413"]
[PlyCount "64"]
[EventDate "2003.??.??"]

1. e4 d6 2. Nc3 e5 3. Nf3 Nf6 4. d4 Nbd7 5. Bc4 Be7 6. O-O O-O 7. Be3 c6 8. a4
b6 9. Qe2 a6 10. Rfd1 Qc7 11. Bb3 Bb7 12. Nh4 exd4 13. Bxd4 g6 14. f4 Rae8 15.
f5 Kg7 16. Qg4 Ne5 17. Qg3 b5 18. axb5 axb5 19. Be3 b4 20. fxg6 fxg6 21. Nf5+
Kh8 22. Bh6 Nh5 23. Bxf8 Bxf8 24. Qh4 bxc3 25. bxc3 Ng7 26. Nh6 Qe7 27. Qh3 Bc8
28. Qe3 Ne6 29. Rf1 Qg7 30. Rxf8+ Rxf8 31. Ra7 Qf6 32. Qe2 Qg5 0-1

[Event "Elit(Limhamn-Skara)"]
[Site "?"]
[Date "2003.??.??"]
[Round "5"]
[White "Carlsson, Daniel"]
[Black "Andersson, Goran"]
[Result "1/2-1/2"]
[WhiteElo "2280"]
[BlackElo "2292"]
[PlyCount "106"]
[EventDate "2003.??.??"]

1. e4 e6 2. d4 d5 3. Nc3 Bb4 4. exd5 exd5 5. Bd3 c6 6. Nf3 Nf6 7. O-O O-O 8.
Ne5 Nbd7 9. Bg5 h6 10. Bh4 Be7 11. Kh1 Nxe5 12. dxe5 Nd7 13. Bg3 Bh4 14. Bxh4
Qxh4 15. f4 Nc5 16. Be2 Bf5 17. g3 Qe7 18. Bf3 Rad8 19. Re1 d4 20. Ne4 Nxe4 21.
Bxe4 Bxe4+ 22. Rxe4 Qc5 23. Qd3 Qd5 24. Kg1 c5 25. b3 b5 26. Qf3 Rfe8 27. Rae1
c4 28. Kg2 d3 29. cxd3 cxd3 30. Rd1 f6 31. Re3 fxe5 32. Qxd5+ Rxd5 33. Kf3 d2
34. Ke2 Kf7 35. fxe5 Rdxe5 36. Rf1+ Kg6 37. Rxe5 Rxe5+ 38. Kxd2 b4 39. Kd3 Rc5
40. Rf4 Rc3+ 41. Kd2 a5 42. Rd4 Rc5 43. Rg4+ Kf6 44. Rf4+ Kg5 45. Rd4 h5 46.
Rf4 Rf5 47. h4+ Kg6 48. Ke3 Re5+ 49. Re4 Kf5 50. Rxe5+ Kxe5 51. Kd3 Kf5 52. Ke3
Kg4 53. Kf2 Kf5 1/2-1/2

[Event "Elit(Limhamn-Skara)"]
[Site "?"]
[Date "2003.??.??"]
[Round "5"]
[White "Friberg, Hans"]
[Black "Penalver, Osmani"]
[Result "1-0"]
[WhiteElo "2233"]
[BlackElo "2227"]
[PlyCount "43"]
[EventDate "2003.??.??"]

1. Nf3 Nf6 2. c4 e6 3. Nc3 d5 4. d4 c6 5. cxd5 exd5 6. Bg5 Bf5 7. e3 Qb6 8. Qc1
Nbd7 9. Be2 Bd6 10. O-O O-O 11. Nh4 Be6 12. f4 Ne4 13. Nxe4 dxe4 14. f5 Bd5 15.
f6 g6 16. Qe1 Qc7 17. Nf5 gxf5 18. Rf4 Nxf6 19. Qg3 Ng4 20. Bxg4 fxg4 21. Bf6
h5 22. Rxg4+ 1-0

[Event "Elit(LASK-Kamraterna)"]
[Site "?"]
[Date "2004.??.??"]
[Round "6"]
[White "Hall, Jesper"]
[Black "Svensson, Bengt"]
[Result "1-0"]
[WhiteElo "2529"]
[BlackElo "2424"]
[PlyCount "91"]
[EventDate "2004.??.??"]

1. e4 c5 2. Nc3 Nc6 3. f4 g6 4. Nf3 Bg7 5. g3 d6 6. Bg2 e6 7. O-O Nge7 8. d3
O-O 9. Be3 Nd4 10. Qd2 Rb8 11. Bf2 Nxf3+ 12. Bxf3 Nc6 13. Rae1 Nd4 14. Bg2 b5
15. Nd1 b4 16. c3 bxc3 17. bxc3 Qa5 18. g4 Rb1 19. Ne3 Rxe1 20. Bxe1 Qxc3 21.
Qxc3 Ne2+ 22. Kf2 Nxc3 23. e5 Nb5 24. a4 Nd4 25. exd6 Rd8 26. Nc4 Ba6 27. Ba5
Rd7 28. Rb1 Bxc4 29. dxc4 Bf8 30. Rb8 Kg7 31. Rc8 Bxd6 32. g5 h6 33. Bd8 hxg5
34. fxg5 f5 35. gxf6+ Kf7 36. Be4 Bf8 37. a5 Nf5 38. Bc6 Rd2+ 39. Ke1 Rxh2 40.
Rc7+ Kg8 41. Rxa7 Bh6 42. Bc7 Ra2 43. Ra8+ Kf7 44. Be5 Bd2+ 45. Kf1 Rxa5 46.
Rd8 1-0

[Event "Elit(LASK-Kamraterna)"]
[Site "?"]
[Date "2004.??.??"]
[Round "6"]
[White "Andreasson, Ingvar"]
[Black "Nicklasson, Christer"]
[Result "1/2-1/2"]
[WhiteElo "2401"]
[BlackElo "2418"]
[PlyCount "39"]
[EventDate "2004.??.??"]

1. e4 c5 2. Nf3 e6 3. d3 b6 4. g3 Bb7 5. Bg2 Nf6 6. O-O Be7 7. Re1 d6 8. c3 O-O
9. a3 Nbd7 10. Nbd2 Qc7 11. Qe2 Rfd8 12. b3 Rac8 13. Bb2 Ba6 14. a4 Ne5 15.
Nxe5 dxe5 16. Nc4 Nd7 17. Rad1 Nb8 18. Bc1 Nc6 19. Bf1 Bb7 20. f4 1/2-1/2

[Event "Elit(LASK-Kamraterna)"]
[Site "?"]
[Date "2004.??.??"]
[Round "6"]
[White "Tikkanen, Hans"]
[Black "Aberg, Anton"]
[Result "0-1"]
[WhiteElo "2414"]
[BlackElo "2461"]
[PlyCount "68"]
[EventDate "2004.??.??"]

1. d4 Nf6 2. c4 g6 3. Nc3 d5 4. Nf3 Bg7 5. Bg5 Ne4 6. cxd5 Nxg5 7. Nxg5 e6 8.
Qd2 exd5 9. Qe3+ Kf8 10. Qf4 Bf6 11. h4 h6 12. Nf3 Kg7 13. g4 Be6 14. Bg2 g5
15. Qg3 c5 16. hxg5 hxg5 17. Rxh8 Qxh8 18. Rd1 Nc6 19. dxc5 Rd8 20. Nb5 Qf8 21.
Nd6 Rd7 22. Qh2 Qd8 23. Qh5 b6 24. Nxg5 Bxg5 25. Bxd5 Bxd5 26. Rxd5 Bf4 27.
Nf5+ Kg8 28. g5 Rxd5 29. Nh6+ Kg7 30. Qxf7+ Kh8 31. e3 Bxg5 32. Nf5 Rd1+ 33.
Ke2 Qd3+ 34. Kf3 Ne5+ 0-1

[Event "Elit(LASK-Kamraterna)"]
[Site "?"]
[Date "2004.??.??"]
[Round "6"]
[White "Wengholm, Anders"]
[Black "Johnson, Bjorn"]
[Result "1-0"]
[WhiteElo "2261"]
[BlackElo "2310"]
[PlyCount "75"]
[EventDate "2004.??.??"]

1. Nf3 e6 2. c4 f5 3. g3 Nf6 4. Bg2 Be7 5. O-O O-O 6. d4 d6 7. Nc3 Ne4 8. Qc2
Nxc3 9. Qxc3 a5 10. b3 Bf6 11. Bb2 Nc6 12. a3 e5 13. e3 g5 14. dxe5 dxe5 15.
Nd2 Qe8 16. Qc2 Ra6 17. c5 e4 18. Nc4 Ne5 19. Bxe5 Bxe5 20. Rad1 Bg7 21. Rd2 g4
22. Rfd1 Rh6 23. Nxa5 b6 24. cxb6 cxb6 25. Nc4 Qh5 26. Rd8 Qxh2+ 27. Kf1 Ba6
28. a4 Re6 29. Qd2 Qh6 30. Qd5 Rxd8 31. Qxd8+ Bf8 32. Qd5 Qf6 33. Kg1 Bxc4 34.
Qxc4 Kg7 35. Rd7+ Re7 36. Rd5 Qe6 37. Bf1 Rd7 38. Qd4+ 1-0

[Event "Elit(LASK-Kamraterna)"]
[Site "?"]
[Date "2004.??.??"]
[Round "6"]
[White "Ikonic, Borislav"]
[Black "Svenn, Matti"]
[Result "1-0"]
[WhiteElo "2321"]
[BlackElo "2251"]
[PlyCount "114"]
[EventDate "2004.??.??"]

1. e4 c5 2. Nf3 d6 3. d4 cxd4 4. Nxd4 Nf6 5. Nc3 Nc6 6. Bc4 e6 7. Bb3 Be7 8.
Be3 a6 9. f4 O-O 10. Qf3 Nxd4 11. Bxd4 Qa5 12. O-O e5 13. Be3 exf4 14. Bxf4 Bg4
15. Qg3 Bh5 16. Kh1 Rad8 17. e5 dxe5 18. Bxe5 Bg6 19. Bc7 Qd5 20. Bxd8 Bxd8 21.
Rae1 Bc7 22. Qh4 b5 23. Rxf6 gxf6 24. Qxf6 Qd6 25. Qh4 Bd8 26. Qh6 Qf6 27. Qe3
Kg7 28. a3 Bb6 29. Qe2 Ba7 30. Rf1 Qd4 31. Qf3 Bb8 32. g3 Qe5 33. Bd5 a5 34.
Be4 b4 35. axb4 axb4 36. Bxg6 hxg6 37. Nd1 Ba7 38. b3 Qd4 39. Nf2 f5 40. Nd3
Rf7 41. Re1 Rc7 42. Qg2 Qc3 43. h3 Rd7 44. Qe2 Bb8 45. Qf2 Ba7 46. Qe2 Bb8 47.
Rg1 Bd6 48. Kh2 Re7 49. Qf2 Bb8 50. Re1 Rxe1 51. Nxe1 f4 52. g4 f3+ 53. Kg1 Bf4
54. Kf1 Qa1 55. Qxf3 Bd2 56. Qb7+ Kh6 57. Qe7 Qc1 1-0

[Event "Elit(LASK-Kamraterna)"]
[Site "?"]
[Date "2004.??.??"]
[Round "6"]
[White "Semcesen, Daniel"]
[Black "Borvander, Tom"]
[Result "1-0"]
[WhiteElo "2333"]
[BlackElo "2239"]
[PlyCount "71"]
[EventDate "2004.??.??"]

1. e4 e5 2. f4 exf4 3. Nf3 g5 4. h4 g4 5. Ne5 d6 6. Nxg4 Nf6 7. Nxf6+ Qxf6 8.
Nc3 Be6 9. Qf3 Bh6 10. g4 Bg7 11. g5 Qe7 12. d3 Nc6 13. Bxf4 Qd7 14. Qf2 O-O-O
15. O-O-O Nd4 16. Bg2 Kb8 17. Rhe1 Bg4 18. Rd2 Rhe8 19. Kb1 Be6 20. Qg3 Nc6 21.
Be3 Bxc3 22. bxc3 Ne5 23. c4 Qa4 24. c3 Bxc4 25. dxc4 Nxc4 26. Rde2 Re5 27. Qf2
Rb5+ 28. Ka1 Ne5 29. Rd2 c5 30. Bf1 Ra5 31. Qf6 Rd7 32. Bf4 c4 33. Bh3 Qa3 34.
Rc2 Qa4 35. Bxd7 Qxd7 36. Rd1 1-0

[Event "Elit(Skara-Manhem)"]
[Site "?"]
[Date "2004.??.??"]
[Round "6"]
[White "Kinnmark, Ove"]
[Black "Hillarp Persson, Tiger"]
[Result "0-1"]
[WhiteElo "2324"]
[BlackElo "2558"]
[PlyCount "86"]

1. e4 g6 2. d4 Bg7 3. Nf3 d6 4. a4 Nf6 5. Nc3 O-O 6. Be2 Nc6 7. d5 Nb4 8. O-O
e6 9. a5 h6 10. h3 Re8 11. dxe6 Bxe6 12. Ra4 c5 13. Ra3 a6 14. Be3 Nc6 15. Qa1
Qc7 16. Rd1 Rad8 17. Bf1 g5 18. Qc1 Ne7 19. h4 g4 20. Ne1 Kh7 21. Nd3 Ng6 22.
g3 Bd7 23. Nd5 Nxd5 24. exd5 Bf5 25. h5 Ne5 26. Nxe5 Rxe5 27. Bf4 Ree8 28. Bd3
Bxd3 29. Rdxd3 Qd7 30. Re3 Qf5 31. Qd2 Qxh5 32. Rab3 Rxe3 33. Qxe3 Qxd5 34. Qe7
Qd1+ 35. Kg2 Qxc2 36. Rxb7 Rf8 37. Be3 Qf5 38. Rd7 Be5 39. Ra7 Rb8 40. Qh4 Qg6
41. Qe7 Kg7 42. Bxc5 Rxb2 43. Bxd6 Qe4+ 0-1

[Event "Elit(Skara-Manhem)"]
[Site "?"]
[Date "2004.??.??"]
[Round "6"]
[White "Gausel, Einar"]
[Black "Olausson, Claes-Goran"]
[Result "1-0"]
[WhiteElo "2580"]
[BlackElo "2390"]
[PlyCount "81"]

1. Nf3 Nf6 2. c4 c6 3. g3 d5 4. Bg2 g6 5. b3 Bg7 6. Bb2 O-O 7. O-O Bg4 8. h3
Bxf3 9. Bxf3 Re8 10. d3 Na6 11. Nd2 e5 12. Bg2 Qd6 13. Rc1 Rad8 14. Qc2 Qe6 15.
Rfd1 d4 16. a3 h5 17. b4 Bh6 18. Re1 Nh7 19. Rcd1 h4 20. gxh4 Nc7 21. e3 dxe3
22. fxe3 Qe7 23. Nf3 Bg7 24. e4 Ne6 25. Qf2 Nf4 26. Bf1 g5 27. Bc1 Rd6 28. d4
Qd7 29. c5 Rg6 30. Kh2 exd4 31. hxg5 Ne6 32. h4 f6 33. Bc4 fxg5 34. hxg5 Rf8
35. Qg3 Kh8 36. Nh4 Qe8 37. Nxg6+ Qxg6 38. Rf1 Qh5+ 39. Kg2 Re8 40. Rh1 Qg6 41.
Qg4 1-0

[Event "Elit(Skara-Manhem)"]
[Site "?"]
[Date "2004.??.??"]
[Round "6"]
[White "Akesson, Joel"]
[Black "Ziegler, Ari"]
[Result "0-1"]
[WhiteElo "2334"]
[BlackElo "2426"]
[PlyCount "117"]

1. d4 Nf6 2. c4 g6 3. g3 c5 4. d5 Bg7 5. Bg2 d6 6. Nc3 O-O 7. Nf3 e6 8. O-O
exd5 9. cxd5 a6 10. a4 Re8 11. Bf4 b6 12. h3 Ra7 13. Qd2 Rae7 14. Bg5 Qc7 15.
Qf4 Nh5 16. Qd2 Nf6 17. Qf4 Nh5 18. Qd2 f6 19. Bh6 Nd7 20. Bxg7 Nxg7 21. Rab1
Ne5 22. Nxe5 Rxe5 23. e4 Rh5 24. g4 Rh4 25. Qf4 Qd8 26. Qg3 f5 27. f3 Qf6 28.
e5 Qd8 29. e6 h5 30. gxf5 gxf5 31. f4 Kh7 32. Kh2 Rg8 33. Qd3 Qf6 34. Ne2 Bb7
35. Ng3 Kh8 36. Qc3 Qg6 37. Rbe1 b5 38. e7 Kh7 39. Qc2 Bc8 40. Qf2 Bd7 41. Ne2
Ne8 42. Bf3 Qf6 43. Rg1 Rgg4 44. axb5 axb5 45. b4 cxb4 46. Bxg4 hxg4 47. Rg3
Qh6 48. Ng1 Nf6 49. Qd4 Kg7 50. Qxb4 Ne8 51. Qd4+ Kf7 52. Re2 Nf6 53. e8=Q+
Bxe8 54. Qc3 Ne4 55. Qc8 Rh5 56. Rxe4 fxe4 57. Rxg4 b4 58. Rg5 Rxg5 59. fxg5
0-1

[Event "Elit(Skara-Manhem)"]
[Site "?"]
[Date "2004.??.??"]
[Round "6"]
[White "Winsnes, Rikard"]
[Black "Moberg, Karl-Johan"]
[Result "1/2-1/2"]
[WhiteElo "2489"]
[BlackElo "2338"]
[PlyCount "94"]

1. e4 e5 2. Nf3 Nc6 3. Bb5 a6 4. Ba4 Nf6 5. O-O b5 6. Bb3 Bc5 7. Nxe5 Nxe5 8.
d4 Bxd4 9. Qxd4 d6 10. f4 Nc6 11. Qc3 Bb7 12. e5 Ne4 13. Qe3 Na5 14. exd6 O-O
15. Nc3 Nxb3 16. axb3 Re8 17. Nxe4 Rxe4 18. Qd3 cxd6 19. Be3 Qe8 20. Rf3 Qc6
21. Rg3 f6 22. Rd1 Rae8 23. Rd2 Qd7 24. h3 Qe6 25. Bf2 Rxf4 26. Rxg7+ Kxg7 27.
Qg3+ Kf7 28. Qxf4 Qe4 29. Bg3 Qxf4 30. Bxf4 d5 31. Kf2 Re4 32. g3 Re8 33. b4
Re4 34. c3 d4 35. cxd4 Bd5 36. Be3 Re6 37. Rc2 Rc6 38. Rc5 Rxc5 39. bxc5 a5 40.
g4 Ke6 41. Kg3 b4 42. Kf2 Bc6 43. Ke2 Kd5 44. Kd3 Bb5+ 45. Kc2 Ba4+ 46. Kd3
Bb5+ 47. Kc2 Ba4+ 1/2-1/2

[Event "Elit(Skara-Manhem)"]
[Site "?"]
[Date "2004.??.??"]
[Round "6"]
[White "Landgren, Philip"]
[Black "Svensson, Sven"]
[Result "1-0"]
[WhiteElo "2316"]
[BlackElo "2257"]
[PlyCount "131"]

1. d4 Nf6 2. c4 e6 3. Nf3 Bb4+ 4. Bd2 Qe7 5. g3 Nc6 6. Nc3 Bxc3 7. Bxc3 Ne4 8.
Rc1 O-O 9. Bg2 d6 10. d5 Nd8 11. O-O e5 12. Nd2 Nxc3 13. Rxc3 f5 14. c5 Nf7 15.
Qb3 b6 16. cxd6 cxd6 17. Qa3 Bb7 18. Rfc1 Rfc8 19. Nb3 Qd7 20. e4 g6 21. Qb4
Rxc3 22. Rxc3 Rc8 23. a4 Rxc3 24. bxc3 Ba6 25. f4 exf4 26. gxf4 fxe4 27. Qxe4
Qg4 28. Qf3 Qf5 29. Qe4 Qg4 30. Qf3 Be2 31. Qxg4 Bxg4 32. a5 Nh6 33. axb6 axb6
34. Nd2 Be2 35. Kf2 Ba6 36. Bh3 Kf7 37. Ne4 Ke7 38. Ng5 Nf5 39. Nxh7 Bd3 40.
Bxf5 Bxf5 41. Ke3 Bh3 42. Ng5 Bd7 43. Ne4 Bh3 44. Kd4 Bf1 45. Ng3 Bh3 46. Ne4
Bf1 47. Nd2 Bh3 48. Nc4 b5 49. Ne3 Bc8 50. Ke4 Kf6 51. h4 Bd7 52. f5 Be8 53.
Kf4 Bf7 54. fxg6 Bxg6 55. Ng4+ Kf7 56. Kg5 Be4 57. Ne3 Bf3 58. Nf5 Bxd5 59.
Nxd6+ Ke6 60. Nxb5 Be4 61. h5 Kd5 62. h6 Bh7 63. Kf6 Kc4 64. Kg7 Bd3 65. Nc7
Kxc3 66. Ne6 1-0